| 000 | 00832nam a2200241 a 4500 | ||
|---|---|---|---|
| 001 | BRCA_4349 | ||
| 005 | 20190320204634.0 | ||
| 008 | 300410s1952----mx-a######---#000-0#spa-# | ||
| 041 | _aspa | ||
| 044 | _amx | ||
| 050 | 4 |
_aQ23 _b.M46 3 1952 |
|
| 245 | 1 | 0 |
_aMemorias y revista de la Academia Nacional de Ciencias _b(Antigua Sociedad Científica Antonio Alzate). |
| 260 |
_aMéxico _bAcademia Nacional de Ciencias _c1952 |
||
| 300 |
_a244 p. _bil. (algunas a color) _c24 cm. |
||
| 500 | _aTomo 57, Núms. 1-2, 1952 | ||
| 500 | _aRevista inventariada por Banco de México como libro | ||
| 500 | _aVer también AA19, C30, H56, Q141, Q142, Q143, Q144, S126, X9 y X39 | ||
| 500 | _aH31 | ||
| 650 | 1 | 4 |
_aCiencia _vPublicaciones periódicas _910791 |
| 710 | 2 |
_aAcademia Nacional de Ciencias _910792 |
|
| 902 | _aGFM | ||
| 942 |
_2lcc _cB |
||
| 999 |
_c4060 _d4060 |
||